000 00200 a2200097 4500
020 _a9780765280343
041 _aspa
100 _achernin limond marilyn
245 _ayo no te veo hermosa
942 _cBK
999 _c10837
_d10837